| 000 | 00742nam a2200229 u 4500 | ||
|---|---|---|---|
| 005 | 20210223130257.0 | ||
| 008 | 070920s2004 r 000 0 eng d | ||
| 020 | _a8497541308 | ||
| 035 | _aUPN01000152096 | ||
| 049 | _aCG | ||
| 050 | 4 |
_aDA142 _bH4.8 |
|
| 100 | 1 | _aHeath, Robin | |
| 245 | 1 | 0 |
_aStonehenge : _bla astronomÃa en la prehistoria / _cRobin Heath ; tr. Irene Amador. |
| 260 |
_aBarcelona, Esp. : _bOniro, _c2004. |
||
| 300 |
_a63 p. : _bil. |
||
| 440 | 3 |
_aLa aventura de la ciencia ; _v5 |
|
| 534 |
_pTraducción de: _tStonehenge |
||
| 650 | 4 |
_aMEGALITOS - _zINGLATERRA - _zWILTSHIRE _911831 |
|
| 650 | 4 |
_aPUEBLOS PREHISTORICOS - _zWILTSHIRE, INGLATERRA _911835 |
|
| 651 | 4 |
_aINGLATERRA - _xANTIGUEDADES _911865 |
|
| 905 | _aLibro | ||
| 999 |
_c124225 _d124225 |
||